<?xml version="1.0" encoding="UTF-8"?>
<record
    xmlns:xsi="http://www.w3.org/2001/XMLSchema-instance"
    xsi:schemaLocation="http://www.loc.gov/MARC21/slim http://www.loc.gov/standards/marcxml/schema/MARC21slim.xsd"
    xmlns="http://www.loc.gov/MARC21/slim">

  <leader>01479namaa22003131i 4500</leader>
  <controlfield tag="005">20260429102837.0</controlfield>
  <controlfield tag="008">260429s1993    ua a|||frm||| 000 0 eng d</controlfield>
  <datafield tag="040" ind1=" " ind2=" ">
    <subfield code="a">EG-GICUC</subfield>
    <subfield code="b">eng</subfield>
    <subfield code="c">EG-GICUC</subfield>
    <subfield code="d">EG-GICUC</subfield>
    <subfield code="e">rda</subfield>
  </datafield>
  <datafield tag="041" ind1="0" ind2=" ">
    <subfield code="a">eng</subfield>
    <subfield code="b">eng</subfield>
    <subfield code="b">ara</subfield>
  </datafield>
  <datafield tag="049" ind1=" " ind2=" ">
    <subfield code="a">Deposit</subfield>
  </datafield>
  <datafield tag="097" ind1=" " ind2=" ">
    <subfield code="a">M.Sc</subfield>
  </datafield>
  <datafield tag="099" ind1=" " ind2=" ">
    <subfield code="a">Cai01.09.09.1993.En.S</subfield>
  </datafield>
  <datafield tag="100" ind1="0" ind2=" ">
    <subfield code="a">Enas Fathelbab Abdel Halim,</subfield>
    <subfield code="e">preparation.</subfield>
  </datafield>
  <datafield tag="245" ind1="1" ind2="0">
    <subfield code="a">A Satudy of the effect of recasting of non-Precious alloys used in crown and bridge on the axial and marginal fitness /</subfield>
    <subfield code="c">By Enas Fathelbab Abdel Halim ; Supervisors Prof. Dr. Attia M. El- Agroudi, Dr. Mahdy T. Shehata</subfield>
  </datafield>
  <datafield tag="246" ind1="1" ind2="5">
    <subfield code="a">&#x62F;&#x631;&#x627;&#x633;&#x629; &#x62A;&#x623;&#x62B;&#x64A;&#x631; &#x627;&#x639;&#x627;&#x62F;&#x629; &#x635;&#x628; &#x627;&#x644;&#x633;&#x628;&#x627;&#x626;&#x643; &#x63A;&#x64A;&#x631; &#x627;&#x644;&#x646;&#x641;&#x64A;&#x633;&#x629; &#x627;&#x644;&#x645;&#x633;&#x62A;&#x62E;&#x62F;&#x645;&#x629; &#x641;&#x64A; &#x627;&#x644;&#x62A;&#x64A;&#x62C;&#x627;&#x646; &#x648;&#x627;&#x644;&#x62C;&#x633;&#x648;&#x631; &#x639;&#x644;&#x64A; &#x627;&#x644;&#x627;&#x62D;&#x643;&#x627;&#x645; &#x627;&#x644;&#x645;&#x62D;&#x648;&#x631;&#x64A; &#x648;&#x627;&#x644;&#x62D;&#x627;&#x641;&#x64A;</subfield>
  </datafield>
  <datafield tag="264" ind1=" " ind2="0">
    <subfield code="c">1993.</subfield>
  </datafield>
  <datafield tag="300" ind1=" " ind2=" ">
    <subfield code="a">75 Leaves</subfield>
    <subfield code="b">illustrations </subfield>
    <subfield code="c">30 cm. + </subfield>
  </datafield>
  <datafield tag="336" ind1=" " ind2=" ">
    <subfield code="2">rda content</subfield>
    <subfield code="a">text</subfield>
  </datafield>
  <datafield tag="337" ind1=" " ind2=" ">
    <subfield code="2">rdamedia</subfield>
    <subfield code="a">Unmediated</subfield>
  </datafield>
  <datafield tag="338" ind1=" " ind2=" ">
    <subfield code="2">rdacarrier</subfield>
    <subfield code="a">volume</subfield>
  </datafield>
  <datafield tag="502" ind1=" " ind2=" ">
    <subfield code="a">Thesis (M.Sc.)-Cairo University, 1993.</subfield>
  </datafield>
  <datafield tag="504" ind1=" " ind2=" ">
    <subfield code="a">Bibliography: pages 68-75</subfield>
  </datafield>
  <datafield tag="653" ind1=" " ind2="0">
    <subfield code="a">crown and bridge on the axial and marginal fitness</subfield>
    <subfield code="a">recasting of non-Precious alloys </subfield>
  </datafield>
  <datafield tag="700" ind1="0" ind2=" ">
    <subfield code="a">Attia M. El- Agroudi</subfield>
    <subfield code="e">thesis advisor.</subfield>
  </datafield>
  <datafield tag="700" ind1="0" ind2=" ">
    <subfield code="a">Mahdy T. Shehata</subfield>
    <subfield code="e">thesis advisor.</subfield>
  </datafield>
  <datafield tag="900" ind1=" " ind2=" ">
    <subfield code="D">Department of Prosthodontics</subfield>
    <subfield code="F">Faculty of Oral and Dental Medicine</subfield>
    <subfield code="U">Cairo University</subfield>
    <subfield code="b">1993</subfield>
    <subfield code="c">Attia M. El- Agroudi</subfield>
    <subfield code="c">Mahdy T. Shehata</subfield>
  </datafield>
  <datafield tag="905" ind1=" " ind2=" ">
    <subfield code="a">Nehad</subfield>
  </datafield>
  <datafield tag="942" ind1=" " ind2=" ">
    <subfield code="2">ddc</subfield>
    <subfield code="c">TH</subfield>
    <subfield code="e">21</subfield>
    <subfield code="n">0</subfield>
  </datafield>
  <datafield tag="999" ind1=" " ind2=" ">
    <subfield code="c">179794</subfield>
  </datafield>
  <datafield tag="952" ind1=" " ind2=" ">
    <subfield code="2">ddc</subfield>
    <subfield code="9">317297</subfield>
    <subfield code="a">CUCL</subfield>
    <subfield code="b">100</subfield>
    <subfield code="d">2026-04-29</subfield>
    <subfield code="i">26397</subfield>
    <subfield code="o">Cai01.09.09.1993.En.S</subfield>
    <subfield code="p">01010110026397000</subfield>
    <subfield code="r">2026-04-29 09:30:47</subfield>
    <subfield code="w">2026-04-29</subfield>
    <subfield code="y">TH</subfield>
  </datafield>
</record>
